THE USE OF INDENTATION TESTS FOR EVALUATION OF THIN PVD COATINGS OF (Ti,Al) N TYPE

Bibliographic Details
Main Authors: Jakubéczyová, Dagmar (Author), Hagarová, Mária, 1965- (Author), Kočík, M. (Author), Hvizdoš, P. (Author)
Format: Article
Language:English

MARC

LEADER 00000nab a2200000ua 4500
001 vtls010795913
003 SK-MaSNL
005 20260303152500.0
008 230222s2011 xo |||||||||||||||||eng|
035 |a (urnnbn)urn:nbn:sk:snk:ar-a01j95 
035 |a (uuid)0d321c7f-7432-4dfb-84f3-9fdebfe9d46d 
035 |a urn:nbn:sk:snk-ab4ert 
040 |a SNKBUCL  |b slo  |c SNKBUCL  |e AACR2 
041 0 |a eng 
044 |a xo  |c SK 
100 1 |a Jakubéczyová, Dagmar.  |4 aut  |9 21345 
245 1 0 |a THE USE OF INDENTATION TESTS FOR EVALUATION OF THIN PVD COATINGS OF (Ti,Al) N TYPE  |c D. Jakubéczyová, M. Hagarová, M. Kočík, P. Hvizdoš 
700 1 |a Hagarová, Mária,  |d 1965-  |4 aut  |9 203029 
700 1 |a Kočík, M.  |4 aut  |9 790286 
700 1 |a Hvizdoš, P.  |4 aut  |9 817117 
773 0 |t Powder metallurgy progress : journal of science and technology of particle materials  |g Roč. 11, č. 1 - 2 (2011), s. 165-172 
958 |a OND 
958 |a EUIPO 
958 |a article3 
999 |c 2023544  |d 2025474